00807nam a2200193 i 450000100060000000300090000600500170001500700030003200800410003510000270007624500560010326000970015930000270025649000820028383000900036585200210045599900170047695201200049389618ES-MaACL20230906180231.0t|050111s1921 fr ||||1| fre d1 aLavelle, Louis.97070113aLa dialectique du monde sensible / cLouis Lavelle. aStrasbourg : bUniversité de Strasbourg, Faculté des Lettres, c1921 (fImp. Alsacienne) aXLV, 228 p. ; c25 cm.1 aPublications de la Faculté de Lettres de l'Université de Strasbourg ; v40 aPublications de la Faculté de Lettres de l'Université de Strasbourg ; v49231900 aES-MaACLjC-1949 c89618d89618 00104070aATENEOMbATENEOMcSPALd2008-01-17eSCl0oC-1949p1093595r2023-02-23 00:00:00w2023-02-23yMONOGRAFIA